| 000 | 01116nam a22002537a 4500 | ||
|---|---|---|---|
| 003 | OSt | ||
| 005 | 20230210102705.0 | ||
| 007 | cr ||||||a|c|a | ||
| 008 | 230127b2021 mx ||||fom||| 001 0 spa d | ||
| 040 | _erda | ||
| 100 | 1 |
_9134884 _aGarcía Vargas, José Manuel |
|
| 245 | 1 |
_aEvaluación de la erosión hídrica mediante las diferentes técnicas de medición en dos condiciones de manejo en el centro de México / _cpor José ManuelGarcía Vargas; director de tesis Armando López Santos |
|
| 264 | 1 |
_aChapingo, México : _bEl autor, _c2021. |
|
| 300 |
_a1 recurso en línea (86 páginas). _bgráficas |
||
| 336 |
_2rdacontent _atexto _btxt |
||
| 337 |
_2rdamedia _acomputadora _bc |
||
| 338 |
_2rdacarrier _arecurso en línea _bcr |
||
| 502 |
_bMCRNMAZA _cURUZA _d2021. _gMAE |
||
| 504 | _aIncluye referencias bibliográficas: páginas 79-86 | ||
| 650 | 4 |
_9131615 _aSuelos _xErosión hídrica |
|
| 700 | 1 |
_968329 _aLópez Santos, Armando _eDirector de tesis |
|
| 856 |
_uhttp://10.13.5.2/tesis/tm/2021_ZA_Garcia_Vargas_JoseManuel.pdf _zDESCARGAR PDF |
||
| 942 |
_2Clasificación Universidad Autónoma Chapingo _cTD |
||
| 999 |
_c218176 _d218176 |
||